书目信息 |
| 题名: |
马背上的飞虎队员
|
|
| 作者: | 余雷 著 | |
| 分册: | ||
| 出版信息: | 长沙 湖南少年儿童出版社 2022.02 |
|
| 页数: | 175页 | |
| 开本: | 21cm | |
| 丛书名: | 小小赶马人系列 | |
| 单 册: | ||
| 中图分类: | I287.45 | |
| 科图分类: | ||
| 主题词: | 儿童小说--er tong xiao shuo--中篇小说--中国--当代 | |
| 电子资源: | ||
| ISBN: | 978-7-5562-6049-2 | |
| 000 | 01212nam 2200253 450 | |
| 001 | 28362 | |
| 005 | 20221008184237.39 | |
| 010 | @a978-7-5562-6049-2@dCNY28.00 | |
| 100 | @a20220324d2022 cemy0chiy50 ea | |
| 101 | 0 | @achi |
| 102 | @aCN@b430000 | |
| 105 | @aa z 000ay | |
| 200 | 1 | @a马背上的飞虎队员@Ama bei shang de fei hu dui yuan@f余雷著 |
| 210 | @a长沙@c湖南少年儿童出版社@d2022.02 | |
| 215 | @a175页@c图@d21cm | |
| 225 | 2 | @a小小赶马人系列@Axiao xiao gan ma ren xi lie |
| 314 | @a余雷, 昆明学院教授, 中国作家协会会员, 新阅读研究所副所长, 昆明学院民族儿童文学研究所所长。 | |
| 330 | @a“咣当”一声, 火车停住了。阿朗和震山跟在庆华身后, 混在人群中走出车站。“哇! ”面对眼前的一切, 阿朗和震山惊呼了一声。这是一条他们见过的最宽的马路, 马路的一边种着高大的梧桐树, 另一边则堆满了货物。马路上有很多人, 有穿着西服皮鞋的男人, 有穿着花花绿绿旗袍的女人, 还有很多背上搭了一块蓝布, 背着大袋货物的工人。更远处, 是很多建造得很漂亮的房子, 有红瓦黄墙的小楼, 也有青砖建成的院子…… | |
| 410 | 0 | @12001 @a小小赶马人系列 |
| 606 | 0 | @a儿童小说@Aer tong xiao shuo@x中篇小说@y中国@z当代 |
| 690 | @aI287.45@v5 | |
| 701 | 0 | @a余雷@Ayu lei@4著 |
| 801 | 0 | @aCN@c20220910 |
| 905 | @a河南城建学院图书馆@dI287.45@eY762@f2 | |
| 马背上的飞虎队员/余雷著.-长沙:湖南少年儿童出版社,2022.02 |
| 175页:图;21cm.-(小小赶马人系列) |
| ISBN 978-7-5562-6049-2:CNY28.00 |
| “咣当”一声, 火车停住了。阿朗和震山跟在庆华身后, 混在人群中走出车站。“哇! ”面对眼前的一切, 阿朗和震山惊呼了一声。这是一条他们见过的最宽的马路, 马路的一边种着高大的梧桐树, 另一边则堆满了货物。马路上有很多人, 有穿着西服皮鞋的男人, 有穿着花花绿绿旗袍的女人, 还有很多背上搭了一块蓝布, 背着大袋货物的工人。更远处, 是很多建造得很漂亮的房子, 有红瓦黄墙的小楼, 也有青砖建成的院子…… |
| ● |
| 相关链接 |
|
|
|
正题名:马背上的飞虎队员
索取号:I287.45/Y762
 
预约/预借
| 序号 | 登录号 | 条形码 | 馆藏地/架位号 | 状态 | 备注 |
| 1 | 1581311 | 215813118 | 文学库116/116文学库 13排2列5层/ [索取号:I287.45/Y762] | 在馆 | |
| 2 | 1581312 | 215813127 | 文学库116/116文学库 13排2列5层/ [索取号:I287.45/Y762] | 在馆 |